oh my - Alessi Rose Lyrics - Statistics

General Stats
  • This quiz has been taken 16 times
  • The average score is 165 of 250
Answer Stats
<3 % Correct
I
100%
He
92%
he
92%
me
92%
cause
83%
for
83%
knows
83%
saves
83%
that
83%
wait
83%
while
83%
be
75%
been
75%
gives
75%
head
75%
he's
75%
I'll
75%
I've
75%
last
75%
life
75%
losing
75%
mine
75%
smoking
75%
talk
75%
And
67%
and
67%
anything
67%
do
67%
forever
67%
gave
67%
him
67%
I'd
67%
let
67%
my
67%
oh
67%
tell
67%
Tell
67%
to
67%
you
67%
You
67%
all
58%
close
58%
clothes
58%
crime
58%
if
58%
i'm
58%
I'm
58%
it
58%
just
58%
loving
58%
off
58%
pass
58%
stay
58%
straights
58%
swear
58%
Take
58%
taking
58%
the
58%
then
58%
time
58%
watching
58%
able
50%
afraid
50%
call
50%
choose
50%
lose
50%
more
50%
name's
50%
on
50%
Somebody
50%
thing
50%
true
50%
wanna
50%
want
50%
when
50%
Your
50%
your
50%
you're
50%
back
42%
breath
42%
finding
42%
floor
42%
got
42%
in
42%
jeans
42%
like
42%
mouth
42%
neck
42%
Please
42%
promise
42%
table
42%
there
42%
under
42%
hand
25%
No matching quizzes found
Score Distribution
Percent of People with Each Score
Percentile by Number Answered
Your Score History
You have not taken this quiz